000 00365 a2200109 4500
001 ART_3527
005 20260410161715.0
008 260409a
245 1 0 _aLos sectores populares en las ciudades latinoamericanas del siglo XIX
100 1 _aRomero, Luis Alberto
773 0 _tDesarrollo económico
_g- Vol. 27, Nº 106 (jul./sep. 1987)
_wREV1174
999 _c16474
_d16474